| 000 | 00354nam a22001457a 4500 | ||
|---|---|---|---|
| 020 | _a978-81-8477-483-2 | ||
| 082 |
_a030 _bBRO/M |
||
| 245 |
_aMATHS SCHOOL DICTIONARY _bMATHS BOOK |
||
| 246 |
_aMATHS SCHOOL DICTIONARY _bMATHS BOOK |
||
| 250 | _a2007 | ||
| 260 |
_aDELHI _bSCHOLASTIC INDIA _c2007 |
||
| 300 | _a310 | ||
| 520 | _aMATHS QUESTIONS | ||
| 942 | _cBK | ||
| 999 |
_c271 _d271 |
||